Statistics for Countries Closest to Venezuela

Click here to take the quiz!

General Stats

  • This quiz has been taken 1,090 times
  • The average score is 15 of 20

Answer Stats

kmcountrymiles% Correct
0Brazil0
100%
0Colombia0
98%
0Guyana0
94%
441Panama274
94%
293Suriname182
92%
562Peru349
87%
14Trinidad and Tobago9
85%
673Saint Kitts and Nevis418
81%
345Saint Lucia214
81%
500Dominica311
80%
831Jamaica516
79%
206St Vincent & the Grenadines128
79%
357Barbados222
77%
139Grenada86
77%
676Haiti420
77%
621Dominican Republic386
74%
696Antigua and Barbuda433
73%
27Aruba17
44%
80Curaçao50
37%
765Sint Maarten475
26%

Score Distribution

Percentile by Number Answered

Percent of People with Each Score

Your Score History

You have not taken this quiz